|
|
|
|
| LEADER |
01007nam a2200241 i 4500 |
| 001 |
acta68582 |
| 005 |
20230303122818.0 |
| 008 |
210519s2009 hu o 0|| eng d |
| 020 |
|
|
|a 978-963-482-946-1
|
| 022 |
|
|
|a 0230-2780
|
| 040 |
|
|
|a SZTE Egyetemi Kiadványok Repozitórium
|b hun
|
| 041 |
|
|
|a eng
|
| 100 |
1 |
|
|a Peckham Donald W.
|
| 245 |
1 |
0 |
|a Papers in English and American studies
|h [elektronikus dokumentum] :
|b Tomus XVI. - Noticing and instruction in second language acquisition : a study of Hungarian learners of English /
|c Peckham Donald W.
|
| 260 |
|
|
|a JATEPress
|b Szeged
|c 2009
|
| 300 |
|
|
|a 155
|c 24 cm
|
| 490 |
0 |
|
|a Acta Universitatis Szegediensis de Attila József nominatae : papers in english and american studies
|v 16
|
| 650 |
|
4 |
|a Társadalomtudományok
|
| 650 |
|
4 |
|a Oktatástudomány
|
| 650 |
|
4 |
|a Bölcsészettudományok
|
| 650 |
|
4 |
|a Nyelvek és irodalom
|
| 695 |
|
|
|a Angol nyelv tanítása, Nyelvtanulás
|
| 856 |
4 |
0 |
|u http://acta.bibl.u-szeged.hu/68582/1/papers_016.pdf
|z Dokumentum-elérés
|